| Tag |
First Indicator |
Second Indicator |
Subfields |
| LEADER |
00000cam a2200000 a 4500 |
| 001 |
in00000078771 |
| 005 |
20151008053922.0 |
| 008 |
790216s1939 uy 00010 spam |
| 010 |
|
|
|a 46033045
|
| 035 |
|
|
|a (OCoLC)04661873
|
| 035 |
|
|
|9 AAH9064AM
|
| 040 |
|
|
|a DLC
|c IXA
|d IXA
|d TXA
|d UtOrBLW
|
| 049 |
|
|
|a TXAM
|c [1422129]
|
| 050 |
0 |
0 |
|a HD1440.U8
|b M6
|
| 082 |
0 |
|
|a 332.71
|
| 100 |
1 |
|
|a Monteverde, Manuel,
|d 1876-
|
| 245 |
1 |
3 |
|a El credito agrario y sus relaciones con la politica monetaria /
|c Manuel Monteverde.
|
| 264 |
|
1 |
|a Montevideo :
|b Libreros-Editores: A. Monteverde y cia,
|c 1939.
|
| 300 |
|
|
|a 27 pages ;
|c 22 cm.
|
| 336 |
|
|
|a text
|b txt
|2 rdacontent
|
| 337 |
|
|
|a unmediated
|b n
|2 rdamedia
|
| 338 |
|
|
|a volume
|b nc
|2 rdacarrier
|
| 500 |
|
|
|a "Conferencia pronunciada en la Asociacion Rural del Uruguay el dia 12 de setiembre de 1939."--page [3].
|
| 650 |
|
0 |
|a Agricultural credit
|z Uruguay.
|
| 999 |
|
|
|a MARS
|
| 999 |
f |
f |
|s 39968d15-5618-3711-a4ef-94935301166b
|i b825a13d-d749-3aad-bf4c-e74f26121f6a
|t 0
|
| 952 |
f |
f |
|p ric
|a Texas A&M University
|b Rellis Campus
|c Joint Library Facility
|d Remote Storage
|t 0
|e HD1440.U8 M6
|h Library of Congress classification
|i unmediated -- volume
|m A14806126209
|
| 998 |
f |
f |
|a HD1440.U8 M6
|t 0
|l Remote Storage
|